000
00265nam a22001097a 4500
082
_a
954.912 WAR'E
100
_a
WARBURTON, SIR ROBERT
_9
79365
245
_a
EIGHTEEN YEARS IN THE KHYBER 1879-1898
260
_a
KARACHI
_b
OXFORD
_c
1972
300
_a
351P
942
_c
BK
999
_c
584408
_d
584408